EL HOMBRE EN LA CIVILIZACION CIENTIFICA Y OTROS ENSAYOS/

INCLUYE BIBLIOGRAFIA

Gardado en:
Detalles Bibliográficos
Autor Principal: Schelsky, Helmut (autor)
Formato: Libro
Series:ESTUDIOS ALEMANES
Temas:
Etiquetas: Engadir etiqueta
Sen Etiquetas, Sexa o primeiro en etiquetar este rexistro!

MARC

LEADER 00000nam^a2200000^a^4500
001 000221058
005 20250521000000.0
009 20260310103905.595
035 |a 035415 
037 |a Acervo Xavier Clavigero 
082 |a 306.  |b SCH 
100 |a Schelsky, Helmut  |e (autor) 
245 1 3 |a EL HOMBRE EN LA CIVILIZACION CIENTIFICA Y OTROS ENSAYOS/  |c HELMUT SCHELSKY 
264 |a ARGENTINA :  |b SUR,  |c 1967 
300 |a 129p. 
336 |a texto  |b txt  |2 rdacontenido 
337 |a sin mediación  |b n  |2 rdamedio 
338 |a volumen  |b nc  |2 rdasoporte 
440 |a ESTUDIOS ALEMANES 
520 |a INCLUYE BIBLIOGRAFIA 
649 |a XX 
650 |a Antropología Cultural 
650 |a Ciencia y Desarrollo 
650 |a Clases Sociales 
910 |a Fondo General 
920 |a Impresos - Libros 
930 |a Colección General 
905 |a 101 
901 |a 035415  |b IT1  |c ACC  |i 035415  |u 20250521 
902 |a https://opac.biblio.iteso.mx/vufind/Record/000221058